| 000 | 00945nam a2200265 a 4500 | ||
|---|---|---|---|
| 001 | 2942 | ||
| 003 | BD-RjUL | ||
| 005 | 20211208233640.0 | ||
| 008 | 131217r19681963caua b 001 0 eng | ||
| 035 | _a(BD-RjUL)2970 | ||
| 040 |
_aDLC _cWSU _dm.c _dSER _dBD-RjUL _beng |
||
| 041 | _aeng | ||
| 082 |
_216 _a337 _bLIP 1968 |
||
| 100 | 1 |
_aLindberg, Leon N. _99397 |
|
| 245 | 1 | 4 |
_aThe political dynamics of European economic integration / _cLeon N. Lindberg. |
| 260 |
_aStanford, Calif : _bStanford University Press ; _aOxford University Press : _bLondon, _cc1963 [reprinted 1968]. |
||
| 300 |
_axiv, 367 p. : _btables ; _c24 cm. |
||
| 504 | _aIncludes Bibliographical reference and index. | ||
| 610 | 2 | 0 |
_aEuropean Economic Community _99403 |
| 650 | 0 |
_aEuropean federation _9612 |
|
| 650 | 0 |
_aAgriculture and state _zEuropean Economic Community countries _99399 |
|
| 651 | 0 |
_aEurope _xEconomic integration _99337 |
|
| 942 |
_2ddc _cBK |
||
| 999 |
_c2942 _d2942 |
||